000 00520nam a2200181Ia 4500
008 240925s9999 xx 000 0 und d
020 _a9788120329690
082 _a004.6 SIN
100 _aSingh, Brijendra
245 0 _aData Communications and Computer Networks
250 _a2nd
260 _aNew Delhi:
_bPearson Printice Hall
_c,2007.
300 _axvii,642p.
_bN.A
_fOriginal
500 _aIncludes Index
600 _aComputer Science
650 _aComputer science, information & general works
942 _cBK
999 _c10473
_d10473